Is it a U.S. State Capital? - A Spot the Imposter Quiz - Statistics

General Stats
  • This quiz has been taken 540 times
    136 since last reset
  • The average score is 44 of 50
Answer Stats
Hint Answer % Correct
Denver, Colorado U.S. State Capital
96%
Springfield, Illinois U.S. State Capital
96%
Columbus, Ohio U.S. State Capital
95%
Phoenix, Arizona U.S. State Capital
94%
Indianapolis, Indiana U.S. State Capital
94%
Little Rock, Arkansas U.S. State Capital
93%
Sacramento, California U.S. State Capital
93%
Honolulu, Hawaii U.S. State Capital
93%
Boise, Idaho U.S. State Capital
93%
Oklahoma City, Oklahoma U.S. State Capital
93%
Atlanta, Georgia U.S. State Capital
92%
Jackson, Mississippi U.S. State Capital
92%
Salt Lake City, Utah U.S. State Capital
92%
Montpelier, Vermont U.S. State Capital
92%
Richmond, Virginia U.S. State Capital
92%
Boston, Massachusetts U.S. State Capital
91%
Albany, New York U.S. State Capital
91%
Tallahassee, Florida U.S. State Capital
90%
Jefferson City, Missouri U.S. State Capital
89%
Charleston, West Virginia U.S. State Capital
89%
Reno, Nevada Not a U.S. State Capital
89%
Seattle, Washington Not a U.S. State Capital
89%
Laramie, Wyoming Not a U.S. State Capital
89%
Hartford, Connecticut U.S. State Capital
88%
Providence, Rhode Island U.S. State Capital
88%
Detroit, Michigan Not a U.S. State Capital
88%
Missoula, Montana Not a U.S. State Capital
88%
Houston, Texas Not a U.S. State Capital
88%
Topeka, Kansas U.S. State Capital
87%
Iowa City, Iowa Not a U.S. State Capital
87%
New Orleans, Louisiana Not a U.S. State Capital
87%
Concord, New Hampshire U.S. State Capital
86%
Trenton, New Jersey U.S. State Capital
86%
Anchorage, Alaska Not a U.S. State Capital
86%
Louisville, Kentucky Not a U.S. State Capital
85%
Portland, Oregon Not a U.S. State Capital
85%
Milwaukee, Wisconsin Not a U.S. State Capital
85%
Newark, Delaware Not a U.S. State Capital
84%
Portland, Maine Not a U.S. State Capital
84%
Fargo, North Dakota Not a U.S. State Capital
84%
Albuquerque, New Mexico Not a U.S. State Capital
83%
Philadelphia, Pennsylvania Not a U.S. State Capital
83%
Birmingham, Alabama Not a U.S. State Capital
82%
Baltimore, Maryland Not a U.S. State Capital
82%
Memphis, Tennessee Not a U.S. State Capital
82%
Charlotte, North Carolina Not a U.S. State Capital
81%
Sioux Falls, South Dakota Not a U.S. State Capital
81%
Minneapolis, Minnesota Not a U.S. State Capital
78%
Omaha, Nebraska Not a U.S. State Capital
78%
Charleston, South Carolina Not a U.S. State Capital
67%
No matching quizzes found
Score Distribution
Percent of People with Each Score
Percentile by Number Answered
Your Score History
You have not taken this quiz since the last reset